| 000 | 01017nam a2200325Ia 4500 | ||
|---|---|---|---|
| 001 | Z_2485 | ||
| 003 | CHAP | ||
| 008 | 220113s9999 xx 000 0 und d | ||
| 010 | _a165542 | ||
| 020 | _a968-50-0035-2 | ||
| 040 | _cCHAP | ||
| 082 | _a547 M67 | ||
| 100 |
_aMorrison, Robert Thornton _978920 |
||
| 245 |
_aQuímica orgánica / _cRobert Thornton Morrison y Robert Neilson Boyd ; vers. en español Peter Fiedler ; colaboración Gabriel Siade B. y Pelayo Camps García |
||
| 260 |
_aMéxico : _bFondo Educativo Interamericano, _c |
||
| 300 | _aVIII, 1291 p. | ||
| 500 | _aTraducción de la obra en inglés: Organic chemistry de 1973 | ||
| 503 | _aej.1: 126846 | ||
| 650 |
_aQuímica orgánica _993598 |
||
| 700 | _a Fiedler, Peter, tr. | ||
| 700 |
_a Camps Garcia, Pelayo, tr. _9139456 |
||
| 700 |
_a Siade B., Gabriel, tr. _9139457 |
||
| 700 | _aBoyd, Robert Neilson, coaut. | ||
| 901 | _a547 M67 | ||
| 902 | _aM | ||
| 910 | _a | ||
| 942 | _c1 | ||
| 942 | _cc1 | ||
| 999 |
_c165542 _d165542 |
||